[Event "Nis Art Faculty op"]
[Site "Nis"]
[Date "2013.08.05"]
[Round "4"]
[White "Milutinovic, Danijel"]
[Black "Bogdanovic, Dragan"]
[Result "0-1"]
[WhiteElo "960"]
[BlackElo "2001"]
[PlyCount "66"]
[EventDate "2013.08.03"]
[EventType "swiss"]
[EventRounds "7"]
[EventCountry "SRB"]
[SourceTitle "EXT 2015"]
[Source "ChessBase"]
[SourceDate "2014.11.20"]
[SourceVersion "1"]
[SourceVersionDate "2014.11.20"]
[SourceQuality "1"]

1. d4 Nf6 2. c4 c5 3. d5 b5 4. cxb5 a6 5. bxa6 Bxa6 6. Nc3 g6 7. f4 Bg7 8. Nf3 d6 9. e4 Bxf1 10. Rxf1 Qb6 11. Qe2 0-0 12. e5 Nfd7 13. e6 Qb4 14. Bd2 Qxb2 15. Rb1 Qc2 16. Rc1 Qf5 17. exd7 Nxd7 18. Qe4 Bxc3 19. Qxf5 Bxd2+ 20. Kxd2 gxf5 21. Rc2 Ra4 22. g3 Nf6 23. Nh4 Rd4+ 24. Kc1 Rxd5 25. Re1 e6 26. a4 Ra8 27. Ra2 c4 28. Re3 Ne4 29. g4 Nc5 30. gxf5 exf5 31. Rg3+ Kf8 32. Rag2 Rxa4 33. Rg8+ Ke7 0-1

[Event "Nis Art Faculty op"]
[Site "Nis"]
[Date "2013.08.04"]
[Round "2"]
[White "Stojadinovic, Tomislav"]
[Black "Milutinovic, Danijel"]
[Result "1-0"]
[WhiteElo "1855"]
[BlackElo "960"]
[PlyCount "121"]
[EventDate "2013.08.03"]
[EventType "swiss"]
[EventRounds "7"]
[EventCountry "SRB"]
[SourceTitle "EXT 2015"]
[Source "ChessBase"]
[SourceDate "2014.11.20"]
[SourceVersion "1"]
[SourceVersionDate "2014.11.20"]
[SourceQuality "1"]

1. d4 d5 2. c4 e6 3. g3 Nf6 4. Bg2 c6 5. Nf3 Bd6 6. Qc2 Nbd7 7. 0-0 0-0 8. b3 b6 9. Bb2 c5 10. e3 Bb7 11. Na3 a6 12. Rfd1 Rc8 13. Qe2 Qe7 14. Nc2 Rfd8 15. Ne5 Nb8 16. f4 Ne4 17. Ne1 f6 18. N5f3 a5 19. Nd2 Na6 20. Rac1 Nxd2 21. Rxd2 cxd4 22. exd4 Bb4 23. Rdd1 Re8 24. Nc2 dxc4 25. bxc4 Bxg2 26. Kxg2 Nb8 27. a3 Bd6 28. Qd3 e5 29. dxe5 Qb7+ 30. Qd5+ Qxd5+ 31. Rxd5 Bc5 32. Nd4 Bxd4 33. Bxd4 Nc6 34. Bxb6 fxe5 35. fxe5 Nxe5 36. Rd4 Nc6 37. Rd2 Ne5 38. Re2 Nc6 39. Rce1 Rxe2+ 40. Rxe2 Rb8 41. Bc5 Kf7 42. Rd2 Rd8 43. Rxd8 Nxd8 44. Kf3 Ke6 45. Ke4 Nc6 46. Bd4 g6 47. g4 a4 48. Bc3 Kd6 49. Kd3 Kc5 50. Bg7 Na5 51. Bf8+ Kc6 52. Kc3 Nb3 53. Bh6 Kb6 54. Kb4 Na1 55. Kxa4 Kc5 56. Bg7 Nc2 57. Kb3 Ne3 58. Bf8+ Kb6 59. h3 h5 60. gxh5 gxh5 61. Kc3 1-0